000 00691nja a2200205 a 4500
003 BLK
005 20240824005347.0
008 180414c bul|r|ner|||| 00| c0bul d
010 _aNOT00002547013
040 _aBLK
100 _aГлинка, Михаил Иванович
_9367626
245 1 0 _aДвугласна фуга
_cМихаил Иванович Глинка.
257 _aBGR
380 _a7
773 _0312286
_9664763
_aГлинка, Михаил Иванович
_tХристоматия по задължително пиано
852 _aЦб М ІІ 10425
942 _cNOT
_n0
944 _aCR
_c05.06.2008
_k
_lCRON CRON
944 _aED
_c18.06.2008
_k
999 _c312299
_d312299